[Event "BCF-chT3 1112 (4NCL)"]
[Site "England"]
[Date "2012.04.01"]
[Round "8.141"]
[White "Bruce, David J"]
[Black "Taylor, Robert P"]
[Result "1-0"]
[WhiteElo "2069"]
[BlackElo "1976"]
[PlyCount "65"]
[EventDate "2011.11.12"]
[EventType "team-swiss"]
[EventRounds "11"]
[EventCountry "ENG"]
[SourceTitle "EXT 2013"]
[Source "ChessBase"]
[SourceDate "2012.11.22"]
[SourceVersion "1"]
[SourceVersionDate "2012.11.22"]
[SourceQuality "1"]
[WhiteTeam "Banbury Bulldogs"]
[BlackTeam "SC Stars"]
[WhiteTeamCountry "ENG"]
[BlackTeamCountry "ENG"]

1. e4 e5 2. Nf3 d6 3. d4 f5 4. Nc3 exd4 5. Qxd4 Qf6 6. Nd5 Qxd4 7. Nxd4 Kd7 8. exf5 c6 9. Nf4 Be7 10. Be3 Nf6 11. 0-0-0 b5 12. f3 a5 13. a4 h6 14. h4 Na6 15. Nfe6 Rg8 16. Nxb5 Nd5 17. Rxd5 cxd5 18. Nc3 Bb7 19. Bb5+ Kc8 20. Rd1 d4 21. Rxd4 Bxf3 22. Rf4 Bb7 23. Rc4+ Kb8 24. Bb6 Rc8 25. Rxc8+ Kxc8 26. Nxg7 Bxh4 27. Be3 Nc7 28. Be2 Bg5 29. Bxg5 hxg5 30. Kd2 Kd7 31. Ke3 Rg8 32. Nh5 Nd5+ 33. Nxd5 1-0

[Event "BCF-chT3 1112 (4NCL)"]
[Site "England"]
[Date "2012.03.31"]
[Round "7.161"]
[White "Ponter, Ian"]
[Black "Bruce, David J"]
[Result "1/2-1/2"]
[WhiteElo "2019"]
[BlackElo "2069"]
[PlyCount "34"]
[EventDate "2011.11.12"]
[EventType "team-swiss"]
[EventRounds "11"]
[EventCountry "ENG"]
[SourceTitle "EXT 2013"]
[Source "ChessBase"]
[SourceDate "2012.11.22"]
[SourceVersion "1"]
[SourceVersionDate "2012.11.22"]
[SourceQuality "1"]
[WhiteTeam "Bristol III"]
[BlackTeam "Banbury Bulldogs"]
[WhiteTeamCountry "ENG"]
[BlackTeamCountry "ENG"]

1. e4 e6 2. d4 d5 3. Nc3 Bb4 4. a3 Bxc3+ 5. bxc3 dxe4 6. Qg4 Nf6 7. Qxg7 Rg8 8. Qh6 Nbd7 9. Ne2 b6 10. Ng3 Bb7 11. a4 Ng4 12. Qh5 Qf6 13. Be3 0-0-0 14. Be2 Nxe3 15. fxe3 Qg5 16. Qxg5 Rxg5 17. Kd2 Rdg8 1/2-1/2

[Event "BCF-chT3 0809 (4NCL)"]
[Site "Hinckley Island"]
[Date "2008.10.18"]
[Round "1.3"]
[White "Edwards, Raymond B"]
[Black "Bruce, David J"]
[Result "0-1"]
[WhiteElo "2099"]
[BlackElo "2078"]
[PlyCount "54"]
[EventDate "2008.10.18"]
[EventType "team-swiss"]
[EventRounds "11"]
[EventCountry "ENG"]
[SourceTitle "EXT 2010"]
[Source "ChessBase"]
[SourceDate "2010.11.25"]
[SourceVersion "1"]
[SourceVersionDate "2010.11.25"]
[SourceQuality "1"]
[WhiteTeam "Mindsports"]
[BlackTeam "Oxford II"]
[WhiteTeamCountry "ENG"]
[BlackTeamCountry "ENG"]

1. d4 Nf6 2. c4 g6 3. Nc3 Bg7 4. e4 d6 5. Nf3 0-0 6. Be2 e5 7. Be3 exd4 8. Nxd4 Re8 9. f3 c6 10. Bf2 d5 11. exd5 cxd5 12. 0-0 Nc6 13. c5 Nh5 14. Qd2 Be5 15. g3 Bh3 16. Rfe1 Nf6 17. Rad1 Rc8 18. a3 h5 19. b4 a6 20. Qg5 Qd7 21. Na4 Nh7 22. Nb6 Nxg5 23. Nxd7 Nxd4 24. Nxe5 Nxe2+ 25. Kh1 Rxe5 26. f4 Nxf4 27. gxf4 Rxe1+ 0-1

[Event "BCF-chT4 0708 (4NCL)"]
[Site "England"]
[Date "2008.02.09"]
[Round "5.1"]
[White "Bruce, David J"]
[Black "Savage, Nicholas W"]
[Result "1-0"]
[WhiteElo "2114"]
[BlackElo "2105"]
[PlyCount "45"]
[EventDate "2007.09.15"]
[EventType "team-swiss"]
[EventRounds "11"]
[EventCountry "ENG"]
[SourceTitle "EXT 2009"]
[Source "ChessBase"]
[SourceDate "2008.11.26"]
[SourceVersion "1"]
[SourceVersionDate "2008.11.26"]
[SourceQuality "1"]
[WhiteTeam "Oxford II"]
[BlackTeam "Anglian Avengers II"]
[WhiteTeamCountry "ENG"]
[BlackTeamCountry "ENG"]

1. e4 e5 2. Nf3 Nc6 3. Bc4 Nf6 4. d3 h6 5. 0-0 d6 6. c3 g6 7. Nbd2 Bg7 8. Re1 0-0 9. a4 Kh7 10. a5 Rb8 11. d4 Nh5 12. d5 Ne7 13. Nf1 c5 14. dxc6 bxc6 15. Ne3 Nf4 16. Qa4 Qc7 17. Qa2 f5 18. exf5 Nxf5 19. Nxf5 Rxf5 20. Nh4 Rf6 21. Bxf4 Rxf4 22. Bg8+ Kh8 23. Nxg6# 1-0

[Event "BCF-chT4 0708 (4NCL)"]
[Site "England"]
[Date "2007.11.24"]
[Round "3.2"]
[White "Hopper, Paul"]
[Black "Bruce, David J"]
[Result "1/2-1/2"]
[WhiteElo "2166"]
[BlackElo "2109"]
[PlyCount "53"]
[EventDate "2007.09.15"]
[EventType "team-swiss"]
[EventRounds "11"]
[EventCountry "ENG"]
[SourceTitle "EXT 2009"]
[Source "ChessBase"]
[SourceDate "2008.11.26"]
[SourceVersion "1"]
[SourceVersionDate "2008.11.26"]
[SourceQuality "1"]
[WhiteTeam "Athenaeum"]
[BlackTeam "Oxford II"]
[WhiteTeamCountry "ENG"]
[BlackTeamCountry "ENG"]

1. e4 e6 2. d4 d5 3. Nc3 Bb4 4. e5 c5 5. a3 Bxc3+ 6. bxc3 Ne7 7. Qg4 Qc7 8. Qxg7 Rg8 9. Qxh7 cxd4 10. Ne2 Nbc6 11. f4 Bd7 12. Qd3 dxc3 13. Nxc3 0-0-0 14. Rb1 Na5 15. h4 Nf5 16. Rh3 Nc4 17. h5 Rg4 18. Qf3 Rdg8 19. h6 Nce3 20. Bxe3 Qxc3+ 21. Bd2 Qxf3 22. Rxf3 Nxh6 23. Rfb3 Bc6 24. a4 Nf5 25. a5 Rg3 26. Rxg3 Rxg3 27. Rb3 1/2-1/2

[Event "BCF-chT4 0708 (4NCL)"]
[Site "England"]
[Date "2007.10.27"]
[Round "1.5"]
[White "Bruce, David J"]
[Black "Yee, John Y"]
[Result "0-1"]
[WhiteElo "2109"]
[BlackElo "1920"]
[PlyCount "62"]
[EventDate "2007.09.15"]
[EventType "team-swiss"]
[EventRounds "11"]
[EventCountry "ENG"]
[SourceTitle "EXT 2009"]
[Source "ChessBase"]
[SourceDate "2008.11.26"]
[SourceVersion "1"]
[SourceVersionDate "2008.11.26"]
[SourceQuality "1"]
[WhiteTeam "Oxford II"]
[BlackTeam "Cheddleton"]
[WhiteTeamCountry "ENG"]
[BlackTeamCountry "ENG"]

1. e4 c6 2. d4 d5 3. Nd2 dxe4 4. Nxe4 Bf5 5. Ng3 Bg6 6. h4 h6 7. Nf3 Nd7 8. h5 Bh7 9. Bd3 Bxd3 10. Qxd3 Ngf6 11. Bd2 e6 12. 0-0-0 Qb6 13. Ne4 0-0-0 14. Nxf6 gxf6 15. Bf4 Qa5 16. Kb1 Nc5 17. Qe3 Na6 18. Bg3 Nb4 19. a3 Nd5 20. Qc1 Nc3+ 21. Ka1 Nxd1 22. Rxd1 Qxh5 23. c4 Bd6 24. Bxd6 Rxd6 25. d5 exd5 26. Qe3 Rhd8 27. Qc5 b6 28. Qb4 c5 29. Qa4 dxc4 30. Rxd6 Rxd6 31. Qxa7 Qd5 0-1

[Event "BCF-chT4 0607 (4NCL)"]
[Site "Sunningdale"]
[Date "2007.02.10"]
[Round "5.6"]
[White "Bruce, David J"]
[Black "Donovan, Nigel"]
[Result "0-1"]
[WhiteElo "2025"]
[BlackElo "2109"]
[PlyCount "106"]
[EventDate "2006.09.16"]
[EventType "team-tourn"]
[EventRounds "11"]
[EventCountry "ENG"]
[SourceTitle "EXT 2008"]
[Source "ChessBase"]
[SourceDate "2007.11.25"]
[SourceVersion "1"]
[SourceVersionDate "2007.11.25"]
[SourceQuality "1"]
[WhiteTeam "Oxford II"]
[BlackTeam "Jutes of Kent"]
[WhiteTeamCountry "ENG"]
[BlackTeamCountry "ENG"]

1. e4 c5 2. Nf3 d6 3. d4 cxd4 4. Nxd4 Nf6 5. Nc3 e6 6. Be3 a6 7. f4 b5 8. a3 Bb7 9. Bd3 Nbd7 10. 0-0 Rc8 11. Qf3 Be7 12. Rae1 0-0 13. Qh3 Kh8 14. Nf3 Rxc3 15. bxc3 Bxe4 16. Bd4 d5 17. Ng5 Bxd3 18. cxd3 Bxa3 19. Qe3 Qc7 20. Ra1 Bc5 21. Rxa6 Ng4 22. Nxf7+ Rxf7 23. Qxe6 Bxd4+ 24. cxd4 Nh6 25. Qxd5 Rf8 26. Qxb5 Nf6 27. Qc5 Qd8 28. Rd6 Qe7 29. Qe5 Qa7 30. Re1 Nf7 31. Qc5 Qxc5 32. dxc5 Nxd6 33. cxd6 Kg8 34. Re7 Rd8 35. g4 Kf8 36. g5 Ne8 37. Re3 Rxd6 38. Kg2 Ra6 39. Kf3 Ra2 40. h4 Kf7 41. Kg4 Rg2+ 42. Kf5 Rf2 43. h5 g6+ 44. hxg6+ hxg6+ 45. Ke5 Ng7 46. Re4 Nh5 47. Ra4 Re2+ 48. Re4 Ra2 49. d4 Ra8 50. Kd6 Rd8+ 51. Kc6 Ng3 52. Re3 Nf5 53. Rd3 Nxd4+ 0-1

[Event "BCF-chT4 0506 (4NCL)"]
[Site "West Bromwich"]
[Date "2005.12.03"]
[Round "3.4"]
[White "Bruce, David J"]
[Black "Gilmour, Andrew J"]
[Result "1/2-1/2"]
[WhiteElo "2015"]
[BlackElo "2065"]
[PlyCount "117"]
[EventDate "2005.11.05"]
[EventType "team-tourn"]
[EventRounds "11"]
[EventCountry "ENG"]
[SourceTitle "CBM 109 Extra"]
[Source "ChessBase"]
[SourceDate "2006.01.03"]
[SourceVersion "2"]
[SourceVersionDate "2006.01.03"]
[SourceQuality "1"]
[WhiteTeam "Oxford II"]
[BlackTeam "Gloucestershire Gambits"]
[WhiteTeamCountry "ENG"]
[BlackTeamCountry "ENG"]

1. e4 c5 2. Nf3 d6 3. d4 cxd4 4. Nxd4 Nf6 5. Nc3 g6 6. Be3 Bg7 7. h3 Nc6 8. Bc4 0-0 9. Bb3 Bd7 10. 0-0 Qa5 11. f4 Qh5 12. Nf3 Rac8 13. Qe1 b5 14. Rd1 b4 15. Nd5 Nxe4 16. f5 gxf5 17. Nd4 Nxd4 18. Nxe7+ Kh8 19. Rxd4 Rce8 20. Rxe4 fxe4 21. Nd5 Qe5 22. Qh4 f5 23. c3 bxc3 24. bxc3 Qe6 25. Nf4 Qf6 26. Qg3 a5 27. Rd1 a4 28. Bd5 Rb8 29. Kh2 Rfe8 30. h4 Re7 31. Nh5 Qg6 32. Bg5 Be5 33. Nf4 Bxf4 34. Qxf4 Re5 35. c4 Rb2 36. Kh3 Rxa2 37. c5 Rc2 38. cxd6 Rc3+ 39. g3 Rxd5 40. Rxd5 Rf3 41. Qe5+ Kg8 42. Rc5 f4+ 43. Kg2 Rxg3+ 44. Kh2 Qe6 45. Qxe6+ Bxe6 46. Bxf4 Rh3+ 47. Kg2 Rxh4 48. Bg3 Rg4 49. Ra5 Bd7 50. Ra7 Rg7 51. Kf2 e3+ 52. Ke1 Rxg3 53. Rxd7 Rg6 54. Ke2 Re6 55. Ra7 Rxd6 56. Kxe3 Re6+ 57. Kf4 Rh6 58. Kg5 Rg6+ 59. Kf5 1/2-1/2

[Event "BCF-chT4 0304 (4NCL)"]
[Site "West Bromwich "]
[Date "2004.03.28"]
[Round "6.2"]
[White "Bruce, David J"]
[Black "Prescott, Adam P"]
[Result "1-0"]
[WhiteElo "1920"]
[BlackElo "1712"]
[PlyCount "41"]
[EventDate "2003.10.??"]
[EventType "team-tourn"]
[EventRounds "11"]
[EventCountry "ENG"]
[SourceTitle "EXT 2005"]
[Source "ChessBase"]
[SourceDate "2004.11.15"]
[SourceVersion "1"]
[SourceVersionDate "2004.11.15"]
[SourceQuality "1"]
[WhiteTeam "Oxford II"]
[BlackTeam "Sussex Mindsports"]
[WhiteTeamCountry "ENG"]
[BlackTeamCountry "ENG"]

1. e4 d6 2. d4 Nf6 3. Nc3 g6 4. f4 Bg7 5. Nf3 0-0 6. Bd3 c6 7. 0-0 b5 8. a3 Bg4 9. Qe1 Bxf3 10. Rxf3 Qb6 11. Qh4 e5 12. fxe5 Qxd4+ 13. Kh1 Qxe5 14. Bg5 Nfd7 15. Raf1 f6 16. Bf4 Qe7 17. Rh3 Kf7 18. e5 dxe5 19. Qxh7 f5 20. Rg3 Qe6 21. Bh6 1-0

[Event "BCF-chT3a 0001 (4NCL)"]
[Site "Birmingham"]
[Date "2001.03.17"]
[Round "7.1"]
[White "Jones, Iolo Cerredig"]
[Black "Bruce, David J"]
[Result "1-0"]
[WhiteElo "2286"]
[BlackElo "1984"]
[PlyCount "61"]
[EventDate "2000.11.26"]
[EventType "team-tourn"]
[EventRounds "7"]
[EventCountry "ENG"]
[SourceTitle "EXT 2002"]
[Source "ChessBase"]
[SourceDate "2001.11.25"]
[SourceVersion "1"]
[SourceVersionDate "2001.11.25"]
[SourceQuality "1"]
[WhiteTeam "Gwent Dragons"]
[BlackTeam "NCCL"]
[WhiteTeamCountry "ENG"]
[BlackTeamCountry "ENG"]

1. d4 Nf6 2. Nf3 g6 3. Bg5 Bg7 4. Nbd2 d6 5. e4 0-0 6. c3 h6 7. Bf4 b6 8. h3 c5 9. dxc5 bxc5 10. Bc4 Bb7 11. Qe2 Nbd7 12. 0-0 Nb6 13. Bd3 e5 14. Bh2 Ne8 15. Nc4 f5 16. Rad1 Qe7 17. Na5 fxe4 18. Bxe4 Bxe4 19. Qxe4 Qe6 20. b3 Rf5 21. Rfe1 Nf6 22. Qc6 Bf8 23. Nh4 Rc8 24. Qb7 Rg5 25. f4 Rh5 26. Nxg6 Nfd5 27. Nxf8 Rxf8 28. fxe5 Rxh3 29. gxh3 Qxh3 30. Rd2 Ne3 31. Rg2+ 1-0